00309nam a22001217a 4500003000400000008004100004100003700045245004000082250000900122260003600131300000800167650001200175OSt250521b |||||||| |||| 00| 0 eng d aVedic Gvesak, Acharya Aryanaresh aVishav Ki Adarshila Par Ek Atyachar a12th aNew DelhibArya Prakashanc2012 a120 aGeneral